[Event "Pobeskydi 2024"]
[Site "Frydek-Mistek, Czech Republic"]
[Date "2024.04.01"]
[Round "9.7"]
[White "Kolasinski, Krzysztof"]
[Black "Fizer, Marek"]
[Result "0-1"]
[WhiteElo "2070"]
[BlackElo "2058"]
[PlyCount "172"]
[EventDate "2024.??.??"]

1. e4 c5 2. b3 Nc6 3. Bb2 e5 4. Bc4 d6 5. Ne2 g6 6. O-O Bg7 7. Nbc3 Nge7 8. Nd5
Nxd5 9. Bxd5 Ne7 10. Bc4 O-O 11. f4 Bd7 12. a4 Bc6 13. d3 d5 14. exd5 Nxd5 15.
Qc1 Re8 16. f5 Qh4 17. Bxd5 Bxd5 18. Ng3 Bh6 19. Qe1 Bf4 20. fxg6 hxg6 21. Qf2
Rac8 22. Bc1 Bxc1 23. Raxc1 f5 24. Rce1 Qd4 25. Kh1 Rc7 26. Ne2 Qxf2 27. Rxf2
Bc6 28. Nc3 Rce7 29. Rfe2 Kg7 30. Kg1 Kf6 31. Kf2 Rh7 32. h3 Rh4 33. Nb1 e4 34.
Nd2 b6 35. c3 Bd5 36. c4 Bc6 37. dxe4 fxe4 38. Kg3 g5 39. Re3 Rf4 40. R1e2 Ke5
41. Nf3+ Kf5 42. Nh2 Rd8 43. Ng4 Rd1 44. Nf2 Rd7 45. Ra2 Ke5 46. Rae2 Kf5 47.
Ra2 Rd4 48. a5 b5 49. cxb5 Bxb5 50. Rc2 Rd5 51. Rec3 Ke5 52. Rxc5 Kd4 53. Rxd5+
Kxd5 54. Ng4 Kd4 55. Rc7 a6 56. Re7 Rf5 57. Nh6 Rc5 58. b4 Rd5 59. Kf2 Bd3 60.
Ng4 Rf5+ 61. Kg3 Kc3 62. Nf2 Rf4 63. b5 axb5 64. a6 Rf6 65. a7 Ra6 66. Kg4 b4
67. Kxg5 b3 68. Rb7 Bc2 69. Kf4 Ra4 70. Ke3 b2 71. h4 Bb3 72. a8=Q Rxa8 73.
Nxe4+ Kc2 74. Rc7+ Kb1 75. Rb7 Ra3 76. Kd2 Bd5 77. Rb4 Bxe4 78. Rxe4 Ka2 79.
Re1 Rg3 80. Ke2 Rxg2+ 81. Kf3 Rc2 82. Kg4 Rg2+ 83. Kf4 b1=Q 84. Rxb1 Kxb1 85.
h5 Kc2 86. h6 Rg6 0-1

[Event "Pobeskydi 2024"]
[Site "Frydek-Mistek, Czech Republic"]
[Date "2024.04.01"]
[Round "9.4"]
[White "Kratochvil, Vit"]
[Black "Koubova, Anna Marie"]
[Result "1/2-1/2"]
[WhiteElo "2203"]
[BlackElo "2113"]
[PlyCount "55"]
[EventDate "2024.??.??"]

1. c4 e5 2. g3 Nf6 3. Bg2 Nc6 4. a3 d5 5. cxd5 Nxd5 6. Nc3 Nb6 7. Nf3 Be7 8.
O-O O-O 9. d3 Re8 10. b4 a5 11. b5 Nd4 12. Bb2 Bf8 13. Nd2 a4 14. e3 Ne6 15.
Qc2 Nc5 16. d4 exd4 17. exd4 Qxd4 18. Nd5 Qd3 19. Qxd3 Nxd3 20. Nxc7 Nxb2 21.
Nxe8 Bf5 22. Nc7 Rc8 23. Rfc1 Nd3 24. Bxb7 Rb8 25. Be4 Bxe4 26. Nxe4 Nxc1 27.
Rxc1 Bxa3 28. Rc6 1/2-1/2